Minecraft Biomes - Statistics

General Stats
  • This quiz has been taken 32 times
  • The average score is 30 of 82
Answer Stats
Answer % Correct
Plains
85%
Jungle
81%
Forest
77%
Badlands
73%
Birch Forest
73%
Desert
73%
Ocean
73%
Swamp
73%
The End
73%
Taiga
69%
Beach
65%
Dark Forest
65%
Warm Ocean
65%
Cold Ocean
62%
Deep Ocean
62%
Ice Spikes
58%
Bamboo Jungle
54%
Deep Dark
54%
River
54%
Savanna
54%
Soul Sand Valley
50%
Tundra
50%
Warped Forest
50%
Deep Cold Ocean
46%
Frozen Ocean
46%
Lukewarm Ocean
46%
Lush Caves
46%
Basalt Deltas
42%
Crimson Forest
42%
Deep Warm Ocean
42%
Dripstone Caves
42%
Flower Forest
42%
Nether Wastes
42%
Deep Lukewarm Ocean
38%
Mushroom Fields
38%
Snowy Taiga
38%
Cherry Grove
35%
Frozen Peaks
35%
Windswept Hills
35%
Deep Frozen Ocean
31%
Eroded Badlands
31%
Frozen River
31%
Grove
31%
Hills
31%
Jagged Peaks
31%
Mangrove Swamp
31%
Snowy Plains
31%
Sparse Jungle
31%
Stony Peaks
31%
Meadow
27%
Savanna Plateau
27%
Snowy Slopes
27%
Stony Shore
27%
Sunflower Plains
27%
Windswept Savanna
27%
Wooded Badlands
27%
End Highlands
23%
Old Growth Birch Forest
23%
Old Growth Pine Taiga
23%
Snowy Beach
23%
Windswept Forest
23%
Windswept Gravelly Hills
23%
Badlands Plateau
19%
End Midlands
19%
Old Growth Spruce Taiga
19%
Rainforest
19%
Small End Islands
19%
The Void
19%
Mushroom Field Shore
15%
End Barrens
12%
Mountain Edge
12%
Shrubland
12%
Ice Desert
8%
Legacy Frozen Ocean
8%
Seasonal Forest
8%
The Moon
8%
Between
4%
Biome for Player with No Time for Nonsense
4%
_generated:id
4%
Modified Plateaus
4%
Shapes
4%
Modified Wooden Badlands Plateau
0%
No matching quizzes found
Score Distribution
Percent of People with Each Score
Percentile by Number Answered
Your Score History
You have not taken this quiz